Czinner Istvánné született Privinszky Júlia
Elmentve itt :
| Dokumentumtípus: | Cikk |
|---|---|
| Megjelent: |
1940-06-04
|
| Sorozat: | Délmagyarország
16 No. 124 |
| Kulcsszavak: | Czinner Istvánné Privinszky Júlia, Gyászjelentés |
| Online Access: | http://dmarchiv.bibl.u-szeged.hu/41183 |
| LEADER | 00456nab a2200145 i 4500 | ||
|---|---|---|---|
| 001 | delm41183 | ||
| 005 | 20180927130019.0 | ||
| 008 | 180927s1940 hu o 0|| hun d | ||
| 040 | |a SZTE Délmagyarország Archívum |b hun | ||
| 041 | |a hun | ||
| 245 | 0 | 0 | |a Czinner Istvánné született Privinszky Júlia |h [elektronikus dokumentum] |
| 260 | |c 1940-06-04 | ||
| 300 | |a 4 | ||
| 490 | 0 | |a Délmagyarország |v 16 No. 124 | |
| 695 | |a Czinner Istvánné Privinszky Júlia, Gyászjelentés | ||